000 00452nam a2200181Ia 4500
001 13129
005 20260306163031.0
008 260306t2016||||xx |||||||||||||| ||spa||
041 _aESP
082 _aRT 2.09
_bP36
100 _aPedraza Gracia, Manuel José
_eAUT
245 0 _aAtlas histórico del libro y las bibliotecas
260 _c2016
300 _a302 páginas :
_c24 cm.
650 _aGEN
654 _aCHU
942 _cLIB
_dJUS
_fJUS
_2ddc
_n
999 _c13129
_d13129